=LDR 00000nam 2200000 4500 =001 INLIS000000000032077 =005 20130612134114 =008 ***********************************ind** =035 ##$$0010-061300000032077 =041 ##$$a ind =082 ##$$a 500 =090 ##$$a 500, Ilm i =245 ##$$a Ilmui Pengetahuan Populer jld. 5, Ilmu Fisika Biologi Umum =260 ##$$a ( 20... ) $b Jakarta =300 ##$$a 323 hlm, illus, 27 cm =650 ##$$a SAins =850 ##$$a NBPNMAT